Najczęściej zgadywane miasta Europy - Statystyki

Ogólne statystyki
  • Ten quiz został rozwiązany 420 razy
  • Średni wynik to 18 z 24
Statystyki odpowiedzi
% Miasto % Poprawnych
93% Warszawa
99%
83% Londyn
96%
80% Paryż
96%
82% Berlin
94%
80% Madryt
94%
86% Moskwa
92%
78% Rzym
91%
84% Kraków
87%
85% Gdańsk
83%
79% Kijów
83%
75% Praga
82%
79% Wrocław
82%
75% Barcelona
76%
76% Oslo
75%
78% Poznań
75%
79% Szczecin
72%
77% Łódź
71%
73% Sztokholm
70%
75% Katowice
66%
75% Lublin
66%
81% Gdynia
64%
75% Mińsk
62%
72% Bydgoszcz
54%
73% Sankt Petersburg
8%
Nie znaleziono quizów pasujących do podanych kryteriów
Rozkład punktacji
Procent ludzi z każdym wynikiem
Percentyl według liczby udzielonych odpowiedzi
Twoja historia wyników
Nie rozwiązałeś tego quizu